Gorkého oslavy pred polstoročím

Bibliographic Details
Main Author: Ivanová, Tatiana (Author)
Format: Article
Language:Slovak
Subjects:

MARC

LEADER 00000nab a2200000 a 4500
001 vtls000144810
003 SK-MaSNL
005 20260303025756.0
008 111104c1982 xo 0 slo
015 |a SNBRB19rr/mm-uuuuu 
035 |a CL0154917 
040 |a SNKBUCL  |b slo  |c SNKBUCL  |e AACR2 
041 0 |a slo 
044 |a xo  |c SK 
080 |a 82:929:882  |2 1981 
080 |a 882  |2 1981 
080 |a 82  |2 1981 
080 |a 061.7  |2 1981 
080 |a 01  |2 1981 
100 1 |a Ivanová, Tatiana  |4 aut  |9 522764 
245 1 0 |a Gorkého oslavy pred polstoročím  |c Tatiana Ivanová 
600 1 7 |a Gorkij, Maksim,  |d 1868-1936  |2 snkbucl  |9 102443 
655 7 |a články z novín a časopisov  |2 snkbucl  |9 267496 
655 7 |a články z odboru literárna veda a krásna literatúra  |2 snkbucl  |9 770045 
773 0 |t Večerník  |g Roč. 27, č. 249 (17. 12. 1982), s. 6 
850 |a Slovenská národná knižnica v Martine  |a MTA001 
852 |a SNK  |b KIS3GCP 
958 |a RK 
958 |a LX 
992 |a RBX 
999 |c 1648285  |d 1650215